| 000 | 00478nam a2200181Ia 4500 | ||
|---|---|---|---|
| 008 | 240925s9999 xx 000 0 und d | ||
| 020 | _a9789351777304 | ||
| 082 | _a954.91 RUM | ||
| 100 | _aRumi, Raza | ||
| 245 | 4 | _aThe Fractious Path Pakistans | |
| 250 | _a1st | ||
| 260 |
_alondon: _bHarper Collins pub _c,2016. |
||
| 300 |
_a212p. _bNA _fOriginal |
||
| 500 | _aIncludes Index | ||
| 600 | _aHumanities & Natural Science | ||
| 650 | _aHistory and Geography | ||
| 942 | _cBK | ||
| 999 |
_c17237 _d17237 |
||